000 00689cam a2200145 4500500
005 20260208002442.0
041 _afre
042 _adc
100 1 0 _aMasset, Claude
_eauthor
245 0 0 _aCurt Nimuendaju, Les Indiens Palikur et leurs voisins, Éd. par Pierre Grenand ; trad. de l’allemand par W. Steiner et J. Lecler. Paris, Éd. du Cths / Orléans, Presses universitaires d’Orléans, 2008 188 p., bibl., lexique, ill., fig., cartes (« Encyclopédie palikur » 1)
260 _c2011.
500 _a54
786 0 _nL'Homme | 200 | 4 | 2011-11-01 | p. 227k-255k | 0439-4216
856 4 1 _uhttps://shs.cairn.info/revue-l-homme-2011-4-page-227k?lang=fr&redirect-ssocas=7080
999 _c1646438
_d1646438